まいばすけっとの店舗 - Statistics

General Stats
  • This quiz has been taken 21 times
  • The average score is 7 of 1194
Answer Stats
Hint Answer % Correct
横浜市青葉区 たまプラーザ
16%
足立区 千住柳町
11%
千代田区 末広町駅前
11%
中野区 中野駅西
11%
横浜市港北区 新横浜
11%
横浜市都筑区 都筑ふれあいの丘駅前
11%
横浜市都筑区 仲町台駅南
11%
足立区 千住大橋駅北
5%
足立区 千住中居町
5%
足立区 足立弘道
5%
足立区 綾瀬駅西
5%
足立区 足立本木
5%
足立区 パサージオ西新井
5%
足立区 六町駅前
5%
足立区 綾瀬南
5%
足立区 西新井駅西口
5%
足立区 扇大橋駅東
5%
足立区 北千住駅東
5%
板橋区 板橋区役所前
5%
江戸川区 京成小岩駅南
5%
大田区 西馬込駅前
5%
大田区 馬込駅前
5%
大田区 馬込駅東
5%
葛飾区 四ツ木駅北
5%
葛飾区 立石駅南
5%
葛飾区 金町駅北
5%
品川区 東中延
5%
新宿区 東五軒町
5%
世田谷区 明大前
5%
千代田区 神田駅北口
5%
千代田区 神田駅西
5%
千代田区 神田鍛冶町
5%
中野区 新中野駅前
5%
中野区 中野新橋駅北
5%
中野区 中野新橋駅前
5%
練馬区 練馬土支田
5%
文京区 江戸川橋地蔵通り
5%
目黒区 目黒八雲
5%
目黒区 洗足
5%
目黒区 駒場東大前駅前
5%
横浜市青葉区 荏田町
5%
横浜市青葉区 田奈駅前
5%
横浜市青葉区 青葉すすき野
5%
横浜市旭区 鶴ヶ峰駅北
5%
横浜市旭区 鶴ヶ峰駅南
5%
横浜市神奈川区 片倉町
5%
横浜市神奈川区 白楽駅前
5%
横浜市神奈川区 横浜沢渡公園前
5%
横浜市港北区 鳥山町
5%
横浜市港北区 高田駅前
5%
横浜市港北区 新横浜駅東
5%
横浜市港北区 新横浜アリーナ通り
5%
横浜市港北区 横浜鳥山町
5%
横浜市都筑区 仲町台駅前
5%
横浜市都筑区 横浜高山
5%
横浜市都筑区 荏田南
5%
横浜市都筑区 センター南
5%
横浜市都筑区 川和町駅前
5%
横浜市都筑区 北山田駅前
5%
横浜市戸塚区 上矢部町
5%
横浜市中区 石川町駅前
5%
横浜市西区 西横浜駅前
5%
横浜市西区 西横浜駅東
5%
横浜市西区 平沼橋駅前
5%
横浜市西区 平沼高校前
5%
横浜市保土ケ谷区 岡沢町
5%
横浜市保土ケ谷区 和田町駅前
5%
横浜市保土ケ谷区 横浜峰岡
5%
横浜市保土ケ谷区 保土ヶ谷橋
5%
横浜市保土ケ谷区 西谷
5%
横浜市保土ケ谷区 保土ヶ谷町
5%
横浜市保土ケ谷区 新桜ヶ丘
5%
横浜市保土ケ谷区 保土ヶ谷駅東口
5%
横浜市保土ケ谷区 天王町駅北
5%
横浜市保土ケ谷区 横浜ビジネスパーク前
5%
横浜市緑区 中山町
5%
横浜市緑区 横浜青砥町
5%
横浜市緑区 中山駅西
5%
横浜市緑区 鴨居駅西
5%
横浜市緑区 横浜中山
5%
横浜市南区 黄金町駅南
5%
川崎市多摩区 川崎久地
5%
川崎市中原区 武蔵小杉駅南
5%
川崎市宮前区 鷺沼駅南
5%
川崎市宮前区 宮崎台馬絹
5%
市川市 南行徳メトロセンター
5%
船橋市 原木中山駅前
5%
松戸市 松戸古ケ崎
5%
松戸市 上本郷駅前
5%
足立区 足立興野1丁目
5%
足立区 綾瀬1丁目
5%
江戸川区 北小岩1丁目
5%
葛飾区 葛飾新宿1丁目
5%
葛飾区 西亀有1丁目
5%
千代田区 九段北1丁目
5%
港区 浜松町1丁目
5%
横浜市港北区 新横浜1丁目
5%
横浜市都筑区 牛久保東1丁目
5%
川崎市高津区 二子1丁目
5%
足立区 綾瀬2丁目
5%
足立区 足立新田2丁目
5%
葛飾区 東金町2丁目
5%
文京区 千石2丁目
5%
文京区 本郷2丁目
5%
横浜市港北区 新横浜環状2号
5%
横浜市都筑区 茅ヶ崎南2丁目
5%
横浜市緑区 横浜白山2丁目
5%
横浜市南区 永楽町2丁目
5%
船橋市 習志野台2丁目
5%
松戸市 松戸日暮2丁目
5%
足立区 千住緑町3丁目
5%
足立区 足立六月3丁目
5%
杉並区 高円寺南3丁目
5%
豊島区 巣鴨3丁目
5%
中野区 中野3丁目
5%
中野区 中野本町3丁目
5%
横浜市港北区 新横浜3丁目
5%
川崎市高津区 溝口3丁目
5%
川崎市宮前区 鷺沼3丁目
5%
足立区 足立中川4丁目
5%
足立区 竹の塚4丁目
5%
足立区 足立4丁目
5%
足立区 足立西新井4丁目
5%
葛飾区 金町4丁目
5%
中野区 中野本町4丁目
5%
葛飾区 東新小岩5丁目
5%
港区 新橋5丁目
5%
江戸川区 篠崎町6丁目
5%
江戸川区 東小岩6丁目
5%
横浜市緑区 横浜東本郷6丁目
5%
川口市 西川口陸橋通り
0%
川口市 川口並木
0%
川口市 西川口駅南
0%
川口市 西川口駅東
0%
川口市 西川口駅西口
0%
川口市 蕨駅東
0%
さいたま市 浦和岸町
0%
戸田市 戸田公園駅前
0%
和光市 和光市駅南
0%
足立区 足立栗原
0%
荒川区 熊野前
0%
荒川区 三ノ輪
0%
荒川区 新三河島駅北
0%
荒川区 三河島駅前
0%
荒川区 新三河島駅西
0%
荒川区 冠新道
0%
荒川区 赤土小学校前駅北
0%
荒川区 東尾久三丁目駅前
0%
荒川区 小台駅前
0%
荒川区 西日暮里駅東
0%
荒川区 京成町屋駅北
0%
板橋区 上板橋駅西
0%
板橋区 板橋熊野町
0%
板橋区 地下鉄赤塚駅前
0%
板橋区 地下鉄赤塚駅南
0%
板橋区 下赤塚駅前
0%
板橋区 新板橋駅南
0%
板橋区 小竹向原駅北
0%
板橋区 大山金井町
0%
板橋区 蓮根駅前
0%
板橋区 本蓮沼駅前
0%
板橋区 中板橋駅前
0%
板橋区 大山駅北口
0%
板橋区 板橋本町駅前
0%
板橋区 西台駅前
0%
板橋区 板橋宿
0%
板橋区 地下鉄成増駅前
0%
板橋区 西台駅西口
0%
板橋区 下赤塚駅南口
0%
板橋区 板橋仲町
0%
板橋区 新高島平駅北
0%
板橋区 板橋本町駅南
0%
板橋区 板橋幸町
0%
板橋区 熊野町山手通り
0%
板橋区 板橋桜川
0%
板橋区 板橋本町商店街
0%
板橋区 志村坂上駅前
0%
板橋区 板橋清水町
0%
板橋区 下赤塚駅北
0%
板橋区 板橋本町駅北
0%
板橋区 高島平駅前
0%
江戸川区 葛西駅前
0%
江戸川区 瑞江駅前
0%
江戸川区 平井駅南
0%
江戸川区 江戸川三角
0%
江戸川区 興宮町
0%
江戸川区 葛西中央通り
0%
江戸川区 西葛西駅前
0%
江戸川区 葛西駅西
0%
江戸川区 葛西駅東
0%
江戸川区 西葛西駅東
0%
江戸川区 南小岩二枚橋
0%
江戸川区 新小岩ルミエール
0%
江戸川区 東大島駅東
0%
江戸川区 西葛西大橋通り
0%
江戸川区 葛西駅南
0%
江戸川区 下篠崎町
0%
大田区 大鳥居駅北
0%
大田区 北千束駅前
0%
大田区 大森中央
0%
大田区 石川台駅南
0%
大田区 大鳥居駅南
0%
大田区 蒲田キネマ通り
0%
大田区 平和島駅北
0%
大田区 矢口渡
0%
大田区 沼部駅前
0%
大田区 六郷土手
0%
大田区 長原
0%
大田区 北馬込
0%
大田区 南馬込
0%
大田区 西蒲田
0%
大田区 穴守稲荷
0%
大田区 西糀谷
0%
大田区 上池台
0%
大田区 大田北馬込
0%
大田区 仲池上
0%
大田区 下丸子駅南
0%
大田区 池上駅前
0%
大田区 洗足池駅前
0%
大田区 糀谷駅南
0%
大田区 雑色駅前
0%
大田区 武蔵新田駅前
0%
大田区 梅屋敷
0%
大田区 長原駅前
0%
大田区 大森町駅前
0%
大田区 新蒲田道塚通り
0%
大田区 大森山王口
0%
大田区 蒲田東邦医大通り
0%
大田区 矢口渡駅北
0%
大田区 雪が谷大塚駅南
0%
大田区 蒲田工学院通り
0%
大田区 西六郷高畑
0%
大田区 蒲田駅西
0%
大田区 環七春日橋
0%
大田区 平和島駅西
0%
大田区 日の出銀座商店街
0%
葛飾区 お花茶屋駅前
0%
葛飾区 京成金町
0%
葛飾区 柴又駅前
0%
葛飾区 堀切菖蒲園駅南
0%
葛飾区 青砥駅北口
0%
葛飾区 亀有ゆうろーど
0%
北区 板橋駅東口
0%
北区 王子駅北口
0%
北区 田端駅北
0%
北区 板橋駅南
0%
北区 王子
0%
北区 赤羽岩淵駅前
0%
北区 十条銀座東通り
0%
北区 北赤羽駅南
0%
北区 王子北本通り
0%
北区 都電梶原駅南
0%
北区 梶原銀座通り
0%
北区 田端動坂
0%
北区 浮間舟渡駅東
0%
北区 十条仲原
0%
江戸川区 亀戸駅東口
0%
江戸川区 砂町銀座西
0%
江戸川区 大島駅前
0%
江戸川区 江東旧葛西橋
0%
江戸川区 北砂丸八通り
0%
江戸川区 大島駅南
0%
江戸川区 富岡八幡
0%
江戸川区 東大島駅前
0%
江戸川区 住吉駅北
0%
江戸川区 北砂五丁目団地
0%
江戸川区 森下駅南
0%
江戸川区 住吉駅前
0%
江戸川区 木場駅前
0%
江戸川区 森下万年橋通り
0%
江戸川区 江東東砂
0%
江戸川区 木場駅北
0%
品川区 大井町駅南
0%
品川区 南大井
0%
品川区 ゼームス坂
0%
品川区 戸越公園
0%
品川区 立会川
0%
品川区 大崎駅前
0%
品川区 旗の台
0%
品川区 立会川駅北
0%
品川区 西小山駅前
0%
品川区 立会川駅西
0%
品川区 天王洲アイル
0%
品川区 青物横丁
0%
品川区 山王銀座
0%
品川区 大森駅北口
0%
品川区 北品川駅東
0%
品川区 荏原町駅前
0%
品川区 青物横丁駅西
0%
品川区 目黒駅東
0%
品川区 しながわ区民公園北
0%
品川区 大崎広小路駅前
0%
渋谷区 神泉駅前
0%
渋谷区 代々木八幡駅西
0%
渋谷区 参宮橋駅前
0%
渋谷区 渋谷神山町
0%
渋谷区 初台駅西
0%
渋谷区 笹塚駅南
0%
渋谷区 新宿駅南
0%
渋谷区 初台駅南
0%
新宿区 新大久保駅前
0%
新宿区 山吹町
0%
新宿区 新宿三栄町
0%
新宿区 早稲田鶴巻町
0%
新宿区 西五軒町
0%
新宿区 市谷薬王寺町
0%
新宿区 新宿住吉町
0%
新宿区 西早稲田駅前
0%
新宿区 牛込神楽坂駅西
0%
新宿区 曙橋駅前
0%
新宿区 大久保
0%
新宿区 北新宿税務署通り
0%
新宿区 面影橋駅東
0%
新宿区 東新宿駅南
0%
新宿区 目白駅西
0%
新宿区 牛込柳町駅東
0%
新宿区 新井薬師前駅北
0%
新宿区 東新宿駅北
0%
新宿区 神楽坂駅西
0%
新宿区 百人町文化通り
0%
新宿区 新宿富久町
0%
新宿区 新宿大京町
0%
新宿区 落合駅前
0%
新宿区 新宿外苑西通り
0%
新宿区 四谷三丁目駅東
0%
杉並区 八幡山駅前
0%
杉並区 方南町
0%
杉並区 荻窪駅南
0%
杉並区 東高円寺駅前
0%
杉並区 南阿佐ヶ谷すずらん通り
0%
杉並区 高円寺駅北
0%
杉並区 荻窪四面道
0%
杉並区 久我山人見街道
0%
杉並区 井荻駅西
0%
杉並区 井荻駅東
0%
杉並区 西荻窪駅南
0%
杉並区 上井草駅南
0%
杉並区 阿佐ケ谷駅南
0%
杉並区 西永福駅前
0%
杉並区 代田橋駅北
0%
杉並区 西荻窪駅東
0%
墨田区 京成曳舟明治通り口
0%
墨田区 押上駅前
0%
墨田区 鐘ヶ淵駅南
0%
墨田区 とうきょうスカイツリー駅南
0%
墨田区 小村井駅前
0%
墨田区 錦糸町駅西
0%
墨田区 両国駅東
0%
墨田区 東武曳舟駅西
0%
墨田区 京成曳舟駅前
0%
墨田区 本所吾妻橋駅前
0%
墨田区 錦糸町駅前
0%
墨田区 錦糸町駅北
0%
墨田区 東向島駅北
0%
墨田区 東武曳舟駅東
0%
墨田区 両国国技館通り
0%
墨田区 東向島駅前
0%
墨田区 両国駅東口
0%
世田谷区 桜上水駅南
0%
世田谷区 池ノ上駅前
0%
世田谷区 経堂すずらん通り
0%
世田谷区 三軒茶屋
0%
世田谷区 等々力駅前
0%
世田谷区 世田谷代田駅前
0%
世田谷区 豪徳寺
0%
世田谷区
0%
世田谷区 松原駅前
0%
世田谷区 三軒茶屋駅西
0%
世田谷区 東北沢駅東口
0%
世田谷区 三軒茶屋駅北口
0%
世田谷区 尾山台駅前通り
0%
世田谷区 経堂駅西
0%
世田谷区 千歳船橋駅西
0%
世田谷区 世田谷淡島
0%
世田谷区 成城通り
0%
世田谷区 深沢不動前
0%
世田谷区 下北沢駅北
0%
世田谷区 池尻大橋駅西
0%
世田谷区 二子玉川
0%
世田谷区 祖師ヶ谷大蔵駅東
0%
世田谷区 世田谷上町
0%
台東区 合羽橋南
0%
台東区 浅草橋駅北
0%
台東区 仲御徒町
0%
台東区 合羽橋北
0%
台東区 新御徒町駅南
0%
台東区 根岸うぐいす通り
0%
台東区 台東千束
0%
台東区 上野駅前
0%
台東区 蔵前駅前
0%
台東区 秋葉原昭和通り
0%
台東区 浅草橋駅西口
0%
台東区 日暮里駅南
0%
台東区 蔵前駅北
0%
豊島区 高田馬場駅北
0%
豊島区 椎名町駅前
0%
豊島区 池袋駅西
0%
豊島区 向原駅北
0%
豊島区 巣鴨地蔵通り
0%
豊島区 大塚駅北口
0%
豊島区 南大塚千川通り
0%
豊島区 要町駅西
0%
豊島区 北池袋駅東
0%
豊島区 大塚駅南
0%
豊島区 新大塚駅北
0%
豊島区 要町駅北
0%
中央区 新富町駅前
0%
中央区 日本橋箱崎町
0%
中央区 水天宮
0%
中央区 日本橋富沢町
0%
中央区 日本橋横山町
0%
中央区 日本橋蛎殻町
0%
中央区 清洲橋西
0%
中央区 日本橋小網町
0%
中央区 築地明石町
0%
中央区 新富町駅東
0%
千代田区 岩本町駅南
0%
千代田区 神田神保町
0%
千代田区 神田佐久間町
0%
千代田区 飯田橋駅南
0%
千代田区 半蔵門駅前
0%
千代田区 神田駅西口商店街
0%
千代田区 神保町駅前
0%
中野区 鷺ノ宮駅南
0%
中野区 野方駅南口
0%
中野区 野方駅北口
0%
中野区 沼袋駅北
0%
中野区 都立家政駅南
0%
中野区 上落合
0%
中野区 富士見台千川通り
0%
中野区 高円寺大和陸橋
0%
中野区 中野十貫坂上
0%
練馬区 中村橋駅南
0%
練馬区 東武練馬駅南口
0%
練馬区 練馬駅北口
0%
練馬区 富士見台駅南
0%
練馬区 富士見台駅北
0%
練馬区 江古田栄町
0%
練馬区 中村橋駅北
0%
練馬区 武蔵関駅南口
0%
練馬区 豊島園駅前
0%
練馬区 大泉学園駅南
0%
練馬区 氷川台駅北
0%
練馬区 練馬北町商店街
0%
練馬区 豊島園駅北
0%
練馬区 豊島園駅東
0%
練馬区 練馬駅南
0%
練馬区 江古田駅東
0%
練馬区 練馬高野台駅南
0%
練馬区 平和台駅前
0%
練馬区 練馬谷原
0%
文京区 小石川植物園前
0%
文京区 文京東大前
0%
文京区 飯田橋駅北
0%
文京区 谷中よみせ通り
0%
文京区 春日
0%
文京区 本駒込駅前
0%
文京区 白山駅前
0%
文京区 茗荷谷駅東
0%
文京区 本郷春日通り
0%
文京区 江戸川橋駅南
0%
文京区 茗荷谷駅北
0%
港区 南麻布古川橋
0%
港区 青山一丁目
0%
港区 西麻布
0%
目黒区 緑が丘駅前
0%
目黒区 祐天寺駅前
0%
目黒区 学芸大学東口
0%
目黒区 目黒太鼓橋
0%
目黒区 大岡山駅北
0%
目黒区 西小山駅北
0%
目黒区 洗足駅前
0%
目黒区 祐天寺駅西
0%
目黒区 学大駒沢通り
0%
目黒区 都立大学駅南
0%
目黒区 祐天寺駅通り
0%
目黒区 緑が丘駅北
0%
小金井市 武蔵小金井駅北
0%
小金井市 東小金井駅前
0%
狛江市 和泉多摩川駅東
0%
調布市 調布駅東口
0%
調布市 飛田給駅前
0%
調布市 柴崎駅北
0%
三鷹市 三鷹駅南
0%
三鷹市 三鷹新川
0%
武蔵野市 武蔵境駅南
0%
武蔵野市 吉祥寺東町
0%
武蔵野市 吉祥寺本町
0%
武蔵野市 武蔵野中町
0%
武蔵野市 武蔵野八幡町
0%
武蔵野市 武蔵境駅前
0%
横浜市青葉区 市ケ尾町
0%
横浜市青葉区 青葉台駅前
0%
横浜市青葉区 梅が丘
0%
横浜市青葉区 青葉台駅南
0%
横浜市青葉区 青葉台北
0%
横浜市青葉区 青葉台駅西
0%
横浜市磯子区 杉田駅南
0%
横浜市磯子区 京急杉田駅前
0%
横浜市磯子区 新杉田駅西
0%
横浜市磯子区 根岸駅西
0%
横浜市神奈川区 白幡南町
0%
横浜市神奈川区 三ツ沢中町
0%
横浜市神奈川区 横浜松本町
0%
横浜市神奈川区 大口通
0%
横浜市神奈川区 浦島町
0%
横浜市神奈川区 三ツ沢上町駅東
0%
横浜市神奈川区 神奈川新町駅前
0%
横浜市神奈川区 東白楽駅前
0%
横浜市神奈川区 子安駅前
0%
横浜市神奈川区 反町駅北
0%
横浜市神奈川区 東白楽駅西
0%
横浜市神奈川区 三ツ沢下町駅前
0%
横浜市神奈川区 反町駅西
0%
横浜市神奈川区 横浜青木町
0%
横浜市神奈川区 東神奈川駅南
0%
横浜市神奈川区 白楽六角橋
0%
横浜市神奈川区 横浜駅北
0%
横浜市神奈川区 横浜ポートサイド
0%
横浜市神奈川区 大口通商店街
0%
横浜市港南区 港南中央通
0%
横浜市港南区 野庭町
0%
横浜市港南区 上永谷駅北
0%
横浜市港南区 港南中央駅北
0%
横浜市港南区 下永谷駅前
0%
横浜市港北区 妙蓮寺駅南
0%
横浜市港北区 港北箕輪町
0%
横浜市港北区 港北樽町
0%
横浜市港北区 綱島東
0%
横浜市港北区 高田西
0%
横浜市港北区 大倉山
0%
横浜市港北区 篠原西町
0%
横浜市港北区 綱島西
0%
横浜市港北区 菊名駅
0%
横浜市港北区 日吉七郵便局前
0%
横浜市港北区 港北綱島
0%
横浜市港北区 横浜篠原町
0%
横浜市港北区 日吉駅北
0%
横浜市港北区 日吉駅西口
0%
横浜市都筑区 中川駅
0%
横浜市鶴見区 潮見橋
0%
横浜市鶴見区 市場東中町
0%
横浜市鶴見区 鶴見駅西口
0%
横浜市鶴見区 生麦
0%
横浜市鶴見区 鶴見本町通
0%
横浜市鶴見区 鶴見市場
0%
横浜市鶴見区 生麦駅前
0%
横浜市鶴見区 鶴見駅東口
0%
横浜市鶴見区 鶴見市場駅南
0%
横浜市鶴見区 矢向駅南
0%
横浜市鶴見区 東寺尾中台
0%
横浜市鶴見区 矢向駅西
0%
横浜市鶴見区 鶴見市場下町
0%
横浜市鶴見区 鶴見栄町通
0%
横浜市戸塚区 戸塚駅南
0%
横浜市中区 横浜中華街朱雀門
0%
横浜市中区 伊勢佐木町
0%
横浜市中区 山下町
0%
横浜市中区 蓬莱町
0%
横浜市中区 阪東橋駅前
0%
横浜市中区 黄金町駅北
0%
横浜市中区 石川町駅北
0%
横浜市中区 横浜富士見町
0%
横浜市中区 横浜山下町
0%
横浜市中区 山手本牧通り
0%
横浜市中区 山手駅前通り
0%
横浜市中区 馬車道駅南
0%
横浜市中区 関内駅北
0%
横浜市西区 横浜平沼橋
0%
横浜市西区 みなとみらい
0%
横浜市西区 藤棚
0%
横浜市西区 戸部中央
0%
横浜市西区 戸部駅南
0%
横浜市西区 藤棚商店街
0%
横浜市西区 横浜浜松町
0%
横浜市西区 横浜楠町
0%
横浜市西区 横浜駅西
0%
横浜市西区 横浜駅東
0%
横浜市保土ケ谷区 保土ヶ谷駅南
0%
横浜市保土ケ谷区 千丸台団地前
0%
横浜市保土ケ谷区 洪福寺前
0%
横浜市保土ケ谷区 横浜峰沢町
0%
横浜市緑区 長津田駅北
0%
横浜市緑区 長津田駅南
0%
横浜市南区 蒔田駅北
0%
横浜市南区 横浜橋
0%
横浜市南区 蒔田
0%
横浜市南区 阪東橋
0%
横浜市南区 東蒔田町
0%
横浜市南区 南太田駅前
0%
横浜市南区 横浜浦舟町
0%
横浜市南区 蒔田駅前
0%
横浜市南区 横浜中村橋
0%
横浜市南区 上大岡駅北
0%
横浜市南区 永楽町東橋
0%
横浜市南区 地下鉄弘明寺駅北
0%
川崎市川崎区 日進町市電通り
0%
川崎市川崎区 追分町
0%
川崎市川崎区 殿町
0%
川崎市川崎区 川崎池田
0%
川崎市川崎区 日進町
0%
川崎市川崎区 川崎駅東
0%
川崎市川崎区 川崎池藤橋
0%
川崎市川崎区 川崎さつき橋
0%
川崎市川崎区 小島新田
0%
川崎市川崎区 渡田山王
0%
川崎市川崎区 川崎観音
0%
川崎市川崎区 川崎大師駅前
0%
川崎市川崎区 大師橋駅前
0%
川崎市川崎区 京急川崎駅東
0%
川崎市川崎区 川崎宮前町
0%
川崎市川崎区 川崎新川通
0%
川崎市川崎区 川崎渡田
0%
川崎市川崎区 川崎小川町
0%
川崎市川崎区 川崎渡田向町
0%
川崎市川崎区 川崎チネチッタ通り
0%
川崎市川崎区 川崎榎町
0%
川崎市高津区 千年
0%
川崎市高津区 川崎北見方
0%
川崎市高津区 下作延
0%
川崎市高津区 南二子
0%
川崎市高津区 川崎二子新地
0%
川崎市高津区 川崎蟹ヶ谷
0%
川崎市高津区 溝の口南
0%
川崎市多摩区 宿河原駅前
0%
川崎市多摩区 向ヶ丘遊園駅北
0%
川崎市多摩区 登戸駅南
0%
川崎市多摩区 久地駅北
0%
川崎市多摩区 久地駅西
0%
川崎市多摩区 京王稲田堤駅前
0%
川崎市多摩区 川崎菅馬場
0%
川崎市多摩区 生田駅南口
0%
川崎市多摩区 生田駅西
0%
川崎市幸区 川崎下平間
0%
川崎市幸区 尻手駅前
0%
川崎市幸区 戸手本町
0%
川崎市幸区 川崎小倉
0%
川崎市中原区 とどろきアリーナ前
0%
川崎市中原区 下小田中
0%
川崎市中原区 川崎宮内
0%
川崎市中原区 上小田中
0%
川崎市中原区 中丸子
0%
川崎市中原区 武蔵新城駅前
0%
川崎市中原区 苅宿
0%
川崎市中原区 新丸子東口
0%
川崎市中原区 井田中ノ町
0%
川崎市中原区 新丸子西口
0%
川崎市中原区 田尻町
0%
川崎市中原区 武蔵新城駅北
0%
川崎市中原区 中丸子東
0%
川崎市中原区 元住吉駅前
0%
川崎市中原区 平間駅北
0%
川崎市中原区 武蔵中原駅東
0%
川崎市中原区 今井仲町
0%
川崎市中原区 向河原駅南
0%
川崎市中原区 小杉小学校前
0%
川崎市中原区 北谷町ガス橋通り
0%
川崎市中原区 木月祗園町
0%
川崎市宮前区 宮前小台
0%
相模原市 相模原駅南
0%
大和市 桜ヶ丘駅東
0%
市川市 京成八幡駅北
0%
市川市 本八幡駅前
0%
市川市 妙典駅
0%
市川市 市川駅南
0%
浦安市 浦安美浜
0%
浦安市 浦安駅前
0%
習志野市 実籾駅前
0%
船橋市 西船橋駅北
0%
川口市 川口本町1丁目
0%
さいたま市 浦和常盤1丁目
0%
板橋区 徳丸1丁目
0%
板橋区 志村1丁目
0%
板橋区 板橋向原1丁目
0%
板橋区 小豆沢1丁目
0%
板橋区 南常盤台1丁目
0%
江戸川区 鹿骨1丁目
0%
江戸川区 松江1丁目
0%
江戸川区 南小岩1丁目
0%
江戸川区 南葛西1丁目
0%
江戸川区 平井1丁目
0%
大田区 西蒲田1丁目
0%
大田区 南蒲田1丁目
0%
大田区 東蒲田1丁目
0%
大田区 蒲田1丁目
0%
大田区 大森本町1丁目
0%
大田区 仲六郷1丁目
0%
大田区 田園調布1丁目
0%
大田区 大森北1丁目
0%
大田区 鵜の木1丁目
0%
大田区 東矢口1丁目
0%
葛飾区 新小岩1丁目
0%
葛飾区 柴又1丁目
0%
葛飾区 宝町1丁目
0%
葛飾区 青戸1丁目
0%
葛飾区 高砂1丁目
0%
北区 滝野川1丁目
0%
北区 神谷1丁目
0%
北区 王子本町1丁目
0%
北区 東十条1丁目
0%
北区 東田端1丁目
0%
江戸川区 新大橋1丁目
0%
江戸川区 江東富岡1丁目
0%
江戸川区 清澄1丁目
0%
江戸川区 大島1丁目
0%
江戸川区 江東亀戸1丁目
0%
江戸川区 東陽1丁目
0%
江戸川区 豊洲1丁目
0%
江戸川区 塩浜1丁目
0%
品川区 北品川1丁目
0%
品川区 南品川1丁目
0%
品川区 東品川1丁目
0%
品川区 西大井1丁目
0%
渋谷区 代々木1丁目
0%
新宿区 西早稲田1丁目
0%
新宿区 北新宿1丁目
0%
新宿区 西落合1丁目
0%
新宿区 新宿1丁目
0%
杉並区 阿佐谷南1丁目
0%
杉並区 高円寺南1丁目
0%
墨田区 業平1丁目
0%
墨田区 墨田太平1丁目
0%
世田谷区 桜新町1丁目
0%
世田谷区 三軒茶屋1丁目
0%
世田谷区 上用賀1丁目
0%
世田谷区 経堂1丁目
0%
世田谷区 池尻1丁目
0%
世田谷区 世田谷1丁目
0%
世田谷区 弦巻1丁目
0%
世田谷区 世田谷岡本1丁目
0%
台東区 竜泉1丁目
0%
台東区 日本堤1丁目
0%
台東区 浅草橋1丁目
0%
台東区 台東下谷1丁目
0%
台東区 台東寿1丁目
0%
豊島区 池袋本町1丁目
0%
豊島区 南大塚1丁目
0%
豊島区 要町1丁目
0%
豊島区 西巣鴨1丁目
0%
豊島区 雑司が谷1丁目
0%
豊島区 北大塚1丁目
0%
中央区 日本橋堀留町1丁目
0%
中央区 蛎殻町1丁目
0%
中央区 東日本橋1丁目
0%
中野区 中野新井1丁目
0%
中野区 東中野1丁目
0%
中野区 中野弥生町1丁目
0%
中野区 沼袋1丁目
0%
練馬区 練馬豊玉中1丁目
0%
練馬区 南田中1丁目
0%
練馬区 田柄1丁目
0%
練馬区 小竹町1丁目
0%
文京区 白山1丁目
0%
文京区 西片1丁目
0%
文京区 文京向丘1丁目
0%
港区 台場1丁目
0%
港区 六本木1丁目
0%
港区 芝浦1丁目
0%
港区 東麻布1丁目
0%
目黒区 大岡山1丁目
0%
目黒区 駒場1丁目
0%
目黒区 中根1丁目
0%
目黒区 碑文谷1丁目
0%
目黒区 目黒青葉台1丁目
0%
目黒区 自由が丘1丁目
0%
調布市 調布多摩川1丁目
0%
調布市 調布八雲台1丁目
0%
三鷹市 三鷹上連雀1丁目
0%
横浜市青葉区 若草台1丁目
0%
横浜市青葉区 藤が丘1丁目
0%
横浜市磯子区 杉田1丁目
0%
横浜市磯子区 洋光台1丁目
0%
横浜市磯子区 磯子中原1丁目
0%
横浜市神奈川区 六角橋1丁目
0%
横浜市港南区 最戸1丁目
0%
横浜市港北区 箕輪町1丁目
0%
横浜市港北区 大倉山1丁目
0%
横浜市鶴見区 岸谷1丁目
0%
横浜市中区 初音町1丁目
0%
横浜市中区 本牧町1丁目
0%
横浜市西区 平沼1丁目
0%
横浜市保土ケ谷区 権太坂1丁目
0%
横浜市南区 真金町1丁目
0%
横浜市南区 南太田1丁目
0%
川崎市川崎区 鋼管通1丁目
0%
川崎市川崎区 大師駅前1丁目
0%
川崎市川崎区 貝塚1丁目
0%
川崎市川崎区 川崎小田1丁目
0%
川崎市中原区 上小田中1丁目
0%
川崎市中原区 新城1丁目
0%
川崎市中原区 小杉町1丁目
0%
川崎市中原区 丸子通1丁目
0%
大和市 大和南1丁目
0%
札幌市中央区 北1条東1丁目
0%
札幌市西区 八軒1条西1丁目
0%
札幌市中央区 南1条西10丁目
0%
札幌市北区 北11条西4丁目
0%
札幌市東区 北11条東8丁目
0%
札幌市白石区 南郷13丁目駅前
0%
札幌市北区 北13条西3丁目
0%
札幌市東区 北14条東15丁目
0%
札幌市西区 二十四軒1条5丁目
0%
札幌市東区 北18条東1丁目
0%
札幌市北区 北18条西4丁目
0%
札幌市北区 北19条西4丁目
0%
札幌市中央区 宮の森2条
0%
荒川区 西日暮里2丁目
0%
荒川区 町屋2丁目
0%
板橋区 蓮根2丁目
0%
板橋区 板橋常盤台2丁目
0%
板橋区 板橋2丁目
0%
板橋区 西台2丁目
0%
板橋区 成増2丁目
0%
江戸川区 江戸川中央2丁目
0%
江戸川区 南葛西2丁目
0%
江戸川区 東葛西2丁目
0%
江戸川区 環七東葛西2丁目
0%
江戸川区 中葛西2丁目
0%
江戸川区 東小松川2丁目
0%
大田区 鵜の木2丁目
0%
大田区 大森北2丁目
0%
大田区 大森中2丁目
0%
大田区 大森南2丁目
0%
大田区 北馬込2丁目
0%
大田区 西六郷2丁目
0%
大田区 矢口2丁目
0%
大田区 上池台2丁目
0%
大田区 田園調布2丁目
0%
大田区 下丸子2丁目
0%
大田区 東六郷2丁目
0%
葛飾区 東四つ木2丁目
0%
葛飾区 お花茶屋2丁目
0%
葛飾区 亀有2丁目
0%
北区 神谷2丁目
0%
北区 王子本町2丁目
0%
北区 赤羽南2丁目
0%
北区 豊島2丁目
0%
江戸川区 深川2丁目
0%
江戸川区 南砂2丁目
0%
江戸川区 塩浜2丁目
0%
江戸川区 江東佐賀2丁目
0%
江戸川区 亀戸2丁目
0%
江戸川区 江東富岡2丁目
0%
江戸川区 江東永代2丁目
0%
品川区 北品川2丁目
0%
品川区 上大崎2丁目
0%
品川区 西五反田2丁目
0%
品川区 二葉2丁目
0%
品川区 品川西五反田2丁目
0%
品川区 大井2丁目
0%
品川区 旗の台2丁目
0%
渋谷区 神宮前2丁目商店街
0%
渋谷区 渋谷本町2丁目
0%
新宿区 新宿百人町2丁目
0%
新宿区 西落合2丁目
0%
新宿区 北新宿2丁目
0%
杉並区 杉並和泉2丁目
0%
杉並区 高円寺南2丁目
0%
墨田区 堤通2丁目
0%
墨田区 墨田八広2丁目
0%
世田谷区 野沢2丁目
0%
世田谷区 経堂2丁目
0%
世田谷区 玉堤2丁目
0%
世田谷区 松原2丁目
0%
世田谷区 太子堂2丁目
0%
世田谷区 三軒茶屋2丁目
0%
世田谷区 池尻2丁目
0%
世田谷区 瀬田2丁目
0%
台東区 清川2丁目
0%
台東区 雷門2丁目
0%
台東区 入谷2丁目
0%
台東区 西浅草2丁目
0%
台東区 東浅草2丁目
0%
台東区 北上野2丁目
0%
豊島区 東池袋2丁目
0%
豊島区 池袋2丁目
0%
豊島区 南長崎2丁目
0%
豊島区 西池袋2丁目
0%
豊島区 豊島高松2丁目
0%
豊島区 南池袋2丁目
0%
中央区 築地2丁目
0%
中央区 新川2丁目
0%
中央区 日本橋浜町2丁目
0%
中央区 中央湊2丁目
0%
千代田区 岩本町2丁目
0%
中野区 中野中央2丁目
0%
中野区 上高田2丁目
0%
中野区 中野2丁目
0%
中野区 沼袋2丁目
0%
練馬区 練馬北町2丁目
0%
練馬区 練馬高松2丁目
0%
練馬区 上石神井2丁目
0%
文京区 小石川2丁目
0%
文京区 春日2丁目
0%
文京区 千駄木2丁目
0%
港区 東麻布2丁目
0%
港区 三田2丁目
0%
港区 芝2丁目
0%
港区 芝大門2丁目
0%
目黒区 中央町2丁目
0%
目黒区 目黒本町2丁目
0%
目黒区 下目黒2丁目
0%
武蔵野市 吉祥寺本町2丁目
0%
横浜市青葉区 青葉台2丁目
0%
横浜市青葉区 あざみ野2丁目
0%
横浜市磯子区 磯子2丁目
0%
横浜市神奈川区 神奈川2丁目
0%
横浜市港北区 綱島西2丁目
0%
横浜市港北区 日吉2丁目
0%
横浜市鶴見区 鶴見本町通2丁目
0%
横浜市鶴見区 下末吉2丁目
0%
横浜市鶴見区 鶴見中央2丁目
0%
横浜市鶴見区 仲通2丁目
0%
横浜市中区 末吉町2丁目
0%
横浜市中区 本牧町2丁目
0%
横浜市中区 横浜不老町2丁目
0%
横浜市中区 横浜長者町2丁目
0%
横浜市南区 永田東2丁目
0%
川崎市川崎区 観音2丁目
0%
川崎市川崎区 浅田2丁目
0%
川崎市川崎区 追分町2号
0%
川崎市川崎区 川崎本町2丁目
0%
川崎市川崎区 貝塚2丁目
0%
川崎市高津区 久地2丁目
0%
川崎市高津区 下作延2丁目
0%
川崎市高津区 川崎末長2丁目
0%
川崎市多摩区 菅稲田堤2丁目
0%
川崎市幸区 古市場2丁目
0%
川崎市幸区 川崎小倉2丁目
0%
川崎市中原区 下新城2丁目
0%
川崎市中原区 丸子通2丁目
0%
川崎市中原区 小杉町2丁目
0%
川崎市宮前区 土橋2丁目
0%
市川市 相之川2丁目
0%
市川市 欠真間2丁目
0%
市川市 市川南2丁目
0%
市川市 市川若宮2丁目
0%
札幌市中央区 北2条西14丁目
0%
札幌市東区 北23条東1丁目
0%
札幌市北区 北23条西3丁目
0%
札幌市北区 北23条西5丁目
0%
札幌市北区 北23条西6丁目
0%
札幌市厚別区 厚別中央2条4丁目
0%
札幌市東区 北25条東16丁目
0%
札幌市中央区 南2条西8丁目
0%
札幌市豊平区 旭町3丁目
0%
川口市 川口栄町3丁目
0%
荒川区 町屋3丁目
0%
荒川区 荒川3丁目
0%
板橋区 板橋向原3丁目
0%
板橋区 上板橋3丁目
0%
板橋区 板橋3丁目
0%
板橋区 志村3丁目
0%
江戸川区 西葛西3丁目
0%
江戸川区 西小岩3丁目
0%
江戸川区 松島3丁目
0%
江戸川区 東小岩3丁目
0%
江戸川区 一之江3丁目
0%
江戸川区 南小岩3丁目
0%
大田区 新蒲田3丁目
0%
大田区 久が原3丁目
0%
大田区 蒲田3丁目
0%
大田区 大森山王3丁目
0%
葛飾区 東金町3丁目
0%
葛飾区 東四つ木3丁目
0%
北区 西ヶ原3丁目
0%
江戸川区 江東扇橋3丁目
0%
江戸川区 白河3丁目
0%
江戸川区 江東亀戸3丁目
0%
品川区 中延3丁目
0%
品川区 南大井3丁目
0%
品川区 南品川3丁目
0%
品川区 戸越3丁目
0%
品川区 品川平塚3丁目
0%
品川区 西中延3丁目
0%
品川区 東品川3丁目
0%
渋谷区 笹塚3丁目
0%
新宿区 新宿百人町3丁目
0%
新宿区 新宿原町3丁目
0%
新宿区 西早稲田3丁目
0%
杉並区 杉並桃井3丁目
0%
杉並区 阿佐谷南3丁目
0%
杉並区 南荻窪3丁目
0%
杉並区 久我山3丁目
0%
墨田区 本所3丁目
0%
墨田区 墨田緑3丁目
0%
墨田区 亀沢3丁目
0%
世田谷区 北烏山3丁目
0%
世田谷区 下馬3丁目
0%
世田谷区 祖師谷3丁目
0%
世田谷区 世田谷鎌田3丁目
0%
台東区 千束3丁目
0%
台東区 台東下谷3丁目
0%
豊島区 西池袋3丁目
0%
豊島区 南大塚3丁目
0%
豊島区 北大塚3丁目
0%
豊島区 南池袋3丁目
0%
中央区 茅場町3丁目
0%
千代田区 九段南3丁目
0%
中野区 中野弥生町3丁目
0%
練馬区 関町北3丁目
0%
練馬区 東大泉3丁目
0%
練馬区 上石神井3丁目
0%
文京区 目白台3丁目
0%
文京区 千駄木3丁目
0%
文京区 本駒込3丁目
0%
文京区 千石3丁目
0%
港区 西麻布3丁目
0%
港区 海岸3丁目
0%
港区 虎ノ門3丁目
0%
港区 芝浦3丁目
0%
港区 赤坂3丁目
0%
目黒区 鷹番3丁目
0%
横浜市磯子区 洋光台3丁目
0%
横浜市神奈川区 西寺尾3丁目
0%
横浜市港北区 日吉本町3丁目
0%
横浜市鶴見区 生麦3丁目
0%
横浜市鶴見区 駒岡3丁目
0%
横浜市南区 横浜高根町3丁目
0%
川崎市川崎区 大島3丁目
0%
川崎市川崎区 鋼管通3丁目
0%
川崎市川崎区 東門前3丁目
0%
川崎市川崎区 小田3丁目
0%
川崎市高津区 北見方3丁目
0%
川崎市高津区 下作延3丁目
0%
川崎市幸区 南加瀬3丁目
0%
川崎市幸区 川崎中幸町3丁目
0%
川崎市中原区 上小田中3丁目
0%
大和市 大和東3丁目
0%
市川市 行徳駅前3丁目
0%
浦安市 猫実3丁目
0%
札幌市北区 北30条西5丁目
0%
札幌市西区 山の手3条1丁目
0%
札幌市中央区 北3条西24丁目
0%
札幌市西区 二十四軒3条4丁目
0%
札幌市豊平区 月寒中央通4丁目
0%
荒川区 荒川4丁目
0%
江戸川区 南篠崎町4丁目
0%
江戸川区 西一之江4丁目
0%
江戸川区 松島4丁目
0%
大田区 環八蒲田4丁目
0%
大田区 蒲田4丁目
0%
大田区 大森北4丁目
0%
大田区 西糀谷4丁目
0%
大田区 西蒲田4丁目
0%
葛飾区 亀有4丁目
0%
葛飾区 東新小岩4丁目
0%
葛飾区 堀切4丁目
0%
北区 田端4丁目
0%
北区 志茂4丁目
0%
江戸川区 北砂4丁目
0%
品川区 二葉4丁目
0%
渋谷区 渋谷東4丁目
0%
渋谷区 代々木4丁目
0%
新宿区 四谷4丁目
0%
新宿区 北新宿4丁目
0%
杉並区 荻窪4丁目
0%
杉並区 南荻窪4丁目
0%
墨田区 亀沢4丁目
0%
世田谷区 北沢4丁目
0%
世田谷区 南烏山4丁目
0%
世田谷区 上北沢4丁目
0%
世田谷区 経堂4丁目
0%
世田谷区 代沢4丁目
0%
世田谷区 上馬4丁目
0%
世田谷区 赤堤4丁目
0%
世田谷区 上野毛4丁目
0%
世田谷区 駒沢4丁目
0%
世田谷区 世田谷給田4丁目
0%
台東区 千束4丁目
0%
豊島区 東池袋4丁目
0%
豊島区 豊島長崎4丁目
0%
中央区 日本橋本町4丁目
0%
中野区 上高田4丁目
0%
港区 芝4丁目
0%
目黒区 目黒本町4丁目
0%
目黒区 八雲4丁目
0%
調布市 西つつじヶ丘4丁目
0%
三鷹市 下連雀4丁目
0%
武蔵野市 吉祥寺南町4丁目
0%
横浜市港北区 日吉本町4丁目
0%
川崎市高津区 二子4丁目
0%
札幌市中央区 南4条東4丁目
0%
川口市 川口中青木5丁目
0%
戸田市 上戸田5丁目
0%
荒川区 西日暮里5丁目
0%
板橋区 徳丸5丁目
0%
江戸川区 西瑞江5丁目
0%
江戸川区 南小岩5丁目
0%
江戸川区 東葛西5丁目
0%
江戸川区 篠崎町5丁目
0%
江戸川区 西葛西5丁目
0%
大田区 南馬込5丁目
0%
大田区 西蒲田5丁目
0%
大田区 環八蒲田5丁目
0%
大田区 大森北5丁目
0%
大田区 大森東5丁目
0%
葛飾区 堀切5丁目
0%
江戸川区 江東亀戸5丁目
0%
江戸川区 江東東砂5丁目
0%
江戸川区 北砂5丁目
0%
江戸川区 東陽5丁目
0%
品川区 西大井5丁目
0%
品川区 東五反田5丁目
0%
渋谷区 広尾5丁目
0%
新宿区 新宿5丁目
0%
杉並区 西荻北5丁目
0%
杉並区 杉並宮前5丁目
0%
杉並区 下高井戸5丁目
0%
杉並区 荻窪5丁目
0%
墨田区 墨田立花5丁目
0%
台東区 台東根岸5丁目
0%
豊島区 西池袋5丁目
0%
豊島区 巣鴨5丁目
0%
豊島区 南長崎5丁目
0%
中野区 中野弥生町5丁目
0%
中野区 中野5丁目
0%
練馬区 石神井台5丁目
0%
文京区 大塚5丁目
0%
文京区 白山5丁目
0%
港区 芝5丁目
0%
目黒区 中目黒5丁目
0%
横浜市神奈川区 六角橋5丁目
0%
横浜市港南区 下永谷5丁目
0%
横浜市港北区 日吉5丁目
0%
横浜市港北区 綱島東5丁目
0%
横浜市鶴見区 上末吉5丁目
0%
横浜市鶴見区 鶴見中央5丁目
0%
横浜市鶴見区 矢向5丁目
0%
横浜市南区 吉野町5丁目
0%
川崎市川崎区 大島5丁目
0%
川崎市高津区 下作延5丁目
0%
大和市 大和中央5丁目
0%
市川市 市川大和田5丁目
0%
札幌市中央区 北5条西10丁目
0%
札幌市中央区 南5条西10丁目
0%
札幌市豊平区 月寒東5条16丁目
0%
札幌市中央区 北5条西22丁目
0%
板橋区 徳丸6丁目
0%
江戸川区 西葛西6丁目
0%
江戸川区 東葛西6丁目
0%
大田区 池上6丁目
0%
大田区 大森北6丁目
0%
北区 滝野川6丁目
0%
江戸川区 江東亀戸6丁目
0%
品川区 南大井6丁目
0%
品川区 大井6丁目
0%
品川区 西五反田6丁目
0%
渋谷区 渋谷本町6丁目
0%
墨田区 八広6丁目
0%
世田谷区 砧6丁目
0%
世田谷区 南烏山6丁目
0%
豊島区 駒込6丁目
0%
文京区 文京大塚6丁目
0%
港区 白金6丁目
0%
目黒区 目黒本町6丁目
0%
横浜市港北区 下田町6丁目
0%
川崎市高津区 溝口6丁目
0%
川崎市中原区 上小田中6丁目
0%
札幌市北区 新琴似6条1丁目
0%
札幌市東区 北6条東5丁目
0%
札幌市中央区 南6条西7丁目
0%
札幌市白石区 南郷通7丁目北
0%
荒川区 南千住7丁目
0%
板橋区 徳丸7丁目
0%
板橋区 高島平7丁目
0%
江戸川区 西葛西7丁目
0%
江戸川区 平井7丁目
0%
江戸川区 一之江7丁目
0%
大田区 池上7丁目
0%
葛飾区 青戸7丁目
0%
葛飾区 堀切7丁目
0%
北区 滝野川7丁目
0%
北区 豊島7丁目
0%
江戸川区 東砂7丁目
0%
江戸川区 江東亀戸7丁目
0%
新宿区 西新宿7丁目
0%
世田谷区 等々力7丁目
0%
豊島区 駒込7丁目
0%
練馬区 石神井町7丁目
0%
横浜市港北区 日吉7丁目
0%
札幌市中央区 南7条西15丁目
0%
札幌市中央区 北7条西17丁目
0%
江戸川区 中葛西8丁目
0%
江戸川区 南小岩8丁目
0%
新宿区 西新宿8丁目
0%
世田谷区 奥沢8丁目
0%
練馬区 練馬北町8丁目
0%
札幌市中央区 南8条西4丁目
0%
横浜市港南区 日野9丁目
0%
横浜市中区 長者町9丁目
0%
札幌市中央区 南9条西11丁目
0%
札幌市中央区 南9条西17丁目
0%
札幌市東区 北9条東2丁目
0%
No matching quizzes found
Score Distribution
Percent of People with Each Score
Percentile by Number Answered
Your Score History
You have not taken this quiz